[Event "Oberliga Ost-A 2122"]
[Site "Germany"]
[Date "2022.06.18"]
[Round "4.8"]
[White "Hutschenreiter, Joerg"]
[Black "Lehnert, Stefan"]
[Result "1-0"]
[WhiteElo "2019"]
[BlackElo "1803"]
[PlyCount "85"]
[EventDate "2021.10.10"]
[EventType "team-tourn"]
[EventRounds "11"]
[EventCountry "GER"]
[SourceTitle "EXT 2023"]
[Source "ChessBase"]
[SourceDate "2022.10.05"]
[SourceVersion "1"]
[SourceVersionDate "2022.10.05"]
[SourceQuality "1"]
[WhiteTeam "Dresden Gruen Weiss"]
[BlackTeam "Sangerhausen"]
[WhiteTeamCountry "GER"]
[BlackTeamCountry "GER"]

1. d4 Nf6 2. c4 e6 3. Nc3 d5 4. Bg5 Be7 5. e3 0-0 6. Nf3 c6 7. Rc1 Ne4 8. Bxe7 Qxe7 9. Bd3 f5 10. 0-0 Nd7 11. Nd2 Rf6 12. f3 Nxc3 13. bxc3 Rh6 14. Qe2 Nf6 15. e4 Nh5 16. g3 Qg5 17. f4 Qg6 18. exf5 exf5 19. Qf3 Qd6 20. Rfe1 Nf6 21. Re5 Ne4 22. Nb3 b6 23. cxd5 cxd5 24. c4 Be6 25. cxd5 Bd7 26. Bxe4 fxe4 27. Qxe4 Rf6 28. Rc3 Raf8 29. Qc2 Bf5 30. Qc1 h5 31. Rc6 Qb4 32. Rc4 Qd6 33. Nd2 h4 34. Nf3 hxg3 35. hxg3 Rh6 36. Ng5 Bd3 37. Rc3 Bb5 38. Rc8 Rhf6 39. Qb1 g6 40. Rxf8+ Qxf8 41. Qxb5 Qa3 42. Qe8+ Qf8 43. Qd7 1-0

[Event "Sachsen-ch Seniors op 25th"]
[Site "Dresden"]
[Date "2017.10.07"]
[Round "3"]
[White "Szenetra, Werner"]
[Black "Hutschenreiter, Joerg"]
[Result "1/2-1/2"]
[WhiteElo "2181"]
[BlackElo "2012"]
[PlyCount "50"]
[EventDate "2017.10.05"]
[EventType "swiss"]
[EventRounds "9"]
[EventCountry "GER"]
[SourceTitle "EXT 2019"]
[Source "ChessBase"]
[SourceDate "2018.10.10"]
[SourceVersion "1"]
[SourceVersionDate "2018.10.10"]
[SourceQuality "1"]

1. Nf3 d5 2. d3 Nf6 3. Nbd2 c5 4. e4 d4 5. a4 Nc6 6. Nc4 b6 7. g3 e6 8. Bg2 Bb7 9. 0-0 Be7 10. Nfe5 Nxe5 11. Nxe5 Nd7 12. Nc4 Qc7 13. f4 a6 14. Bd2 0-0 15. Rf2 Rae8 16. b3 f5 17. e5 Bxg2 18. Rxg2 b5 19. Nb2 Nb6 20. Ba5 Qb7 21. Bxb6 Qxb6 22. Qf3 Qa5 23. Qc6 Kf7 24. Re2 Rc8 25. Qf3 Rc7 1/2-1/2

[Event "WchT Seniors 50"]
[Site "Radebeul"]
[Date "2016.06.28"]
[Round "3.2"]
[White "Ianov, Viktor"]
[Black "Hutschenreiter, Joerg"]
[Result "1-0"]
[WhiteElo "2324"]
[BlackElo "2002"]
[PlyCount "80"]
[EventDate "2016.06.26"]
[EventType "team-swiss"]
[EventRounds "9"]
[EventCountry "GER"]
[SourceTitle "CBM 173 Extra"]
[Source "ChessBase"]
[SourceDate "2016.08.29"]
[SourceVersion "1"]
[SourceVersionDate "2016.08.29"]
[SourceQuality "1"]
[WhiteTeam "Obuchiw"]
[BlackTeam "Dresden Gruen Weiss"]
[WhiteTeamCountry "UKR"]
[BlackTeamCountry "GER"]

1. Nf3 d5 2. g3 Nf6 3. Bg2 c6 4. d3 Bg4 5. Nbd2 e6 6. h3 Bh5 7. 0-0 Be7 8. e4 0-0 9. Qe1 Nbd7 10. Nh2 Ne8 11. Nb3 dxe4 12. dxe4 e5 13. Be3 f6 14. Bf3 Bf7 15. Rd1 Qc7 16. Bg4 Rd8 17. Kg2 b6 18. Qe2 Nd6 19. Nd2 c5 20. Bh5 c4 21. Bxf7+ Rxf7 22. c3 b5 23. h4 Nc5 24. Bxc5 Qxc5 25. h5 Bf8 26. Ng4 Rfd7 27. h6 Ne8 28. hxg7 Bxg7 29. Ne3 Rd3 30. Rh1 Nd6 31. Qh5 h6 32. Qg6 Qc7 33. Ng4 Ne8 34. Rxh6 Kf8 35. Rdh1 Rxd2 36. Rh8+ Ke7 37. R1h7 Kd6 38. Rxe8 Rxe8 39. Qxe8 Kc5 40. Nxf6 Rd8 1-0

[Event "WchT Seniors 50"]
[Site "Radebeul"]
[Date "2016.06.27"]
[Round "2.1"]
[White "Hutschenreiter, Joerg"]
[Black "Simon, Ralf Axel"]
[Result "0-1"]
[WhiteElo "2002"]
[BlackElo "2113"]
[PlyCount "107"]
[EventDate "2016.06.26"]
[EventType "team-swiss"]
[EventRounds "9"]
[EventCountry "GER"]
[SourceTitle "CBM 173 Extra"]
[Source "ChessBase"]
[SourceDate "2016.08.29"]
[SourceVersion "1"]
[SourceVersionDate "2016.08.29"]
[SourceQuality "1"]
[WhiteTeam "Dresden Gruen Weiss"]
[BlackTeam "Hannover"]
[WhiteTeamCountry "GER"]
[BlackTeamCountry "GER"]

1. d4 Nf6 2. c4 c6 3. Nf3 d5 4. e3 Bf5 5. Nc3 a6 6. Be2 h6 7. 0-0 e6 8. Bd2 Nbd7 9. c5 Ne4 10. b4 Be7 11. a4 0-0 12. Nxe4 dxe4 13. Ne5 Nxe5 14. dxe5 a5 15. Bc3 axb4 16. Bd4 Ra5 17. Qb3 b6 18. Rfd1 Qe8 19. cxb6 c5 20. Bb2 Qc6 21. Bb5 Qxb6 22. Rd7 Ra7 23. Rad1 Rb8 24. Qc4 Rxd7 25. Rxd7 Rd8 26. h3 Rxd7 27. Bxd7 Bd8 28. Qb5 Qc7 29. Bc6 Qa7 30. Kf1 Bg6 31. Ke1 h5 32. g3 Bf5 33. g4 hxg4 34. hxg4 Bxg4 35. Bxe4 Kf8 36. f3 Bh3 37. Bb7 Ke7 38. Qc6 Qb6 39. Qe4 Bf5 40. Qc6 Qxc6 41. Bxc6 Bd3 42. Kd2 Bf1 43. f4 Ba5 44. Kc2 Kd8 45. Ba1 Ba6 46. Bb2 Bc4 47. Kc1 Bb3 48. Bb5 c4 49. Bd4 c3 50. Bc5 Ba2 51. Bd3 Bb3 52. Bb5 Bd5 53. Bd3 b3 54. Bd4 0-1

[Event "Oberliga Ost-A 1415"]
[Site "Germany"]
[Date "2015.04.11"]
[Round "10.7"]
[White "Hutschenreiter, Joerg"]
[Black "Fischer, Edwin"]
[Result "1/2-1/2"]
[WhiteElo "1997"]
[BlackElo "2285"]
[PlyCount "92"]
[EventDate "2014.09.21"]
[EventType "team-tourn"]
[EventRounds "11"]
[EventCountry "GER"]
[SourceTitle "EXT 2016"]
[Source "ChessBase"]
[SourceDate "2015.10.08"]
[SourceVersion "1"]
[SourceVersionDate "2015.10.08"]
[SourceQuality "1"]
[WhiteTeam "Dresden Gruen Weiss"]
[BlackTeam "Plauen Koenig"]
[WhiteTeamCountry "GER"]
[BlackTeamCountry "GER"]

1. d4 Nf6 2. c4 e6 3. Nc3 Bb4 4. e3 b6 5. Nf3 Bb7 6. Be2 Ne4 7. Qc2 Bxc3+ 8. bxc3 0-0 9. 0-0 d6 10. Ne1 f5 11. f3 Nf6 12. Bd3 Qe7 13. e4 fxe4 14. fxe4 e5 15. Bg5 Nc6 16. d5 Na5 17. Nf3 h6 18. Bxf6 Rxf6 19. Qe2 Raf8 20. Nd2 Bc8 21. Rxf6 Rxf6 22. Rf1 Bd7 23. Bc2 Nb7 24. Qe3 Nc5 25. Bd1 Qf7 26. Bf3 Qg6 27. Rf2 Ba4 28. Nf1 Bd7 29. Nd2 Rf4 30. Bd1 Rxf2 31. Kxf2 Qf6+ 32. Kg1 g5 33. h3 Kg7 34. Nf1 Qf4 35. Bc2 Be8 36. g3 Qxe3+ 37. Nxe3 Bg6 38. Nf5+ Bxf5 39. exf5 Nd7 40. g4 Nf6 41. Kf2 Kf7 42. Ke3 Ke7 43. Bd1 Kd8 44. Kd3 Kc8 45. Ke3 Kb7 46. Be2 c6 1/2-1/2

[Event "Oberliga Ost-A 1314"]
[Site "Germany"]
[Date "2014.02.23"]
[Round "8.8"]
[White "Kuna, Ralf Michael"]
[Black "Hutschenreiter, Joerg"]
[Result "1-0"]
[WhiteElo "2140"]
[BlackElo "1997"]
[PlyCount "109"]
[EventDate "2013.10.13"]
[EventType "team-tourn"]
[EventRounds "11"]
[EventCountry "GER"]
[SourceTitle "EXT 2015"]
[Source "ChessBase"]
[SourceDate "2014.11.20"]
[SourceVersion "1"]
[SourceVersionDate "2014.11.20"]
[SourceQuality "1"]
[WhiteTeam "Magdeburg Rochade"]
[BlackTeam "Dresden Gruen Weiss"]
[WhiteTeamCountry "GER"]
[BlackTeamCountry "GER"]

1. e4 c5 2. Nf3 d6 3. d4 cxd4 4. Nxd4 Nf6 5. f3 a6 6. c4 Nbd7 7. Be3 Qc7 8. Nc3 e6 9. Qd2 Be7 10. Be2 b6 11. 0-0 Bb7 12. Rac1 0-0 13. Rfd1 Rac8 14. a3 Qb8 15. b4 Rfd8 16. Qe1 Bf8 17. Qf2 d5 18. exd5 exd5 19. cxd5 Nxd5 20. Nxd5 Bxd5 21. Bxa6 Rxc1 22. Rxc1 Qa8 23. Bb5 Qxa3 24. Nc2 Qb3 25. Bxd7 Rxd7 26. Bxb6 Bb7 27. Bc5 Rc7 28. Qe3 Qc4 29. Nd4 Qd5 30. Ne2 h6 31. Bxf8 Rxc1+ 32. Qxc1 Kxf8 33. Qc5+ Ke8 34. Qxd5 Bxd5 35. Kf2 Kd7 36. Ke3 Kd6 37. Kd4 Bb7 38. Nc3 Bc8 39. Ne4+ Kc6 40. b5+ Kb6 41. Kc4 g5 42. Kb4 f5 43. Nd6 Be6 44. Nc4+ Kb7 45. Kc5 f4 46. Na5+ Kc8 47. Kd6 Bd7 48. b6 Bb5 49. b7+ Kb8 50. Kc5 Ba4 51. Kb6 h5 52. h3 h4 53. Nc6+ Bxc6 54. Kxc6 g4 55. hxg4 1-0

[Event "Dresden ZMD op"]
[Site "Dresden"]
[Date "2010.07.18"]
[Round "9"]
[White "Hutschenreiter, Joerg"]
[Black "Schwarz, Hans"]
[Result "1/2-1/2"]
[WhiteElo "2066"]
[BlackElo "2007"]
[PlyCount "60"]
[EventDate "2010.07.10"]
[EventType "swiss"]
[EventRounds "9"]
[EventCountry "GER"]
[SourceTitle "CBM 137 Extra"]
[Source "ChessBase"]
[SourceDate "2010.09.01"]
[SourceVersion "1"]
[SourceVersionDate "2010.09.01"]
[SourceQuality "1"]

1. d4 f5 2. c4 Nf6 3. Nc3 e6 4. e3 d5 5. Bd3 c6 6. Nge2 Bd6 7. f3 0-0 8. c5 Bc7 9. b4 a6 10. Qc2 Qe7 11. f4 Nbd7 12. Ng3 Ne4 13. Ngxe4 dxe4 14. Be2 Nf6 15. a4 Nd5 16. Nxd5 exd5 17. Bd2 Bd7 18. a5 h5 19. 0-0-0 g6 20. Rdg1 Kf7 21. h3 Rh8 22. g3 Rag8 23. Qd1 Qf6 24. Rg2 Be6 25. Rgh2 Bd8 26. g4 hxg4 27. hxg4 Rxh2 28. Rxh2 Rh8 29. g5 Qg7 30. Rxh8 Qxh8 1/2-1/2

[Event "Dresden ZMD op"]
[Site "Dresden"]
[Date "2010.07.12"]
[Round "3"]
[White "Hutschenreiter, Joerg"]
[Black "Ghaem Maghami, Ehsan"]
[Result "0-1"]
[WhiteElo "2066"]
[BlackElo "2585"]
[PlyCount "56"]
[EventDate "2010.07.10"]
[EventType "swiss"]
[EventRounds "9"]
[EventCountry "GER"]
[SourceTitle "CBM 137 Extra"]
[Source "ChessBase"]
[SourceDate "2010.09.01"]
[SourceVersion "1"]
[SourceVersionDate "2010.09.01"]
[SourceQuality "1"]

1. d4 Nf6 2. c4 e6 3. Nc3 Bb4 4. e3 0-0 5. Nf3 c5 6. Bd3 d5 7. 0-0 Nc6 8. a3 Ba5 9. cxd5 exd5 10. h3 c4 11. Bc2 Re8 12. Ba4 Bd7 13. b4 Bc7 14. Ne1 Ne7 15. Bc2 Nf5 16. g4 Nd6 17. f3 a5 18. Rb1 axb4 19. axb4 Nb5 20. Nxb5 Bxb5 21. Ng2 Qd6 22. f4 Qd7 23. Rf2 Ba4 24. Qf3 Bxc2 25. Rxc2 Ne4 26. f5 Ng5 27. Qf1 Nxh3+ 28. Kh1 Qe7 0-1

[Event "Dresden ZMD op"]
[Site "Dresden"]
[Date "2010.07.10"]
[Round "1"]
[White "Hutschenreiter, Joerg"]
[Black "Gungl, Theo"]
[Result "1-0"]
[WhiteElo "2066"]
[BlackElo "1682"]
[PlyCount "87"]
[EventDate "2010.07.10"]
[EventType "swiss"]
[EventRounds "9"]
[EventCountry "GER"]
[SourceTitle "CBM 137 Extra"]
[Source "ChessBase"]
[SourceDate "2010.09.01"]
[SourceVersion "1"]
[SourceVersionDate "2010.09.01"]
[SourceQuality "1"]

1. d4 d5 2. c4 c6 3. Nf3 Nf6 4. e3 Bg4 5. Nc3 e6 6. Be2 Nbd7 7. 0-0 Bd6 8. Nd2 Bxe2 9. Qxe2 0-0 10. e4 Bb4 11. e5 Bxc3 12. bxc3 Ne4 13. Nxe4 dxe4 14. Qxe4 Nb6 15. Qe2 Nc8 16. Rd1 Qa5 17. Rd3 Ne7 18. Bg5 Rfe8 19. Rad1 Rac8 20. Rg3 Nf5 21. Rh3 h6 22. Bc1 Kf8 23. g4 Ne7 24. g5 Nf5 25. gxh6 gxh6 26. Bxh6+ Nxh6 27. Rxh6 Ke7 28. Rh3 Rg8+ 29. Kf1 Rg6 30. Qb2 Qa6 31. Qb4+ c5 32. Qb5 Qxb5 33. cxb5 cxd4 34. cxd4 Rc2 35. Rf3 Rh6 36. h3 Rxa2 37. Rc1 Rh7 38. Rc7+ Kf8 39. Rxb7 Rb2 40. Rg3 Rb1+ 41. Kg2 Rh4 42. Rb8+ Ke7 43. Rgg8 Rb4 44. Rb7# 1-0

[Event "Dresden ZMD op"]
[Site "Dresden"]
[Date "2009.08.01"]
[Round "8"]
[White "Hutschenreiter, Joerg"]
[Black "Leimeister, Winfried"]
[Result "0-1"]
[WhiteElo "2127"]
[BlackElo "1917"]
[PlyCount "85"]
[EventDate "2009.07.25"]
[EventType "swiss"]
[EventRounds "9"]
[EventCountry "GER"]
[SourceTitle "CBM 131 Extra"]
[Source "ChessBase"]
[SourceDate "2009.09.03"]
[SourceVersion "2"]
[SourceVersionDate "2009.09.16"]
[SourceQuality "1"]

1. d4 Nf6 2. c4 g6 3. Nc3 Bg7 4. e4 d6 5. Be2 c5 6. d5 0-0 7. Bg5 h6 8. Bf4 Qa5 9. f3 Nbd7 10. Qc1 Kh7 11. Bd2 Qd8 12. g4 Ne8 13. h4 e6 14. Qc2 e5 15. Bd3 Nc7 16. Nge2 Re8 17. Ng3 Nf8 18. a3 Bd7 19. Ke2 a6 20. h5 g5 21. Nf5 Bxf5 22. exf5 Kg8 23. Ne4 Nh7 24. f6 Nxf6 25. Nxg5 hxg5 26. Bxg5 e4 27. Bxe4 Qd7 28. Bxf6 Bxf6 29. Kf2 b5 30. Bf5 Qe7 31. Rae1 Bh4+ 32. Kg2 Bxe1 33. Be4 Ba5 34. Qc1 f5 35. gxf5 Qf6 36. Rg1 Kf7 37. Kf1 Rg8 38. Rg6 Rxg6 39. fxg6+ Ke7 40. h6 Qh4 41. Qe3 Qh1+ 42. Kf2 Qh2+ 43. Kf1 0-1

[Event "Dresden ZMD op"]
[Site "Dresden"]
[Date "2009.07.29"]
[Round "5"]
[White "Bauer, Bernd"]
[Black "Hutschenreiter, Joerg"]
[Result "1-0"]
[WhiteElo "2006"]
[BlackElo "2127"]
[PlyCount "61"]
[EventDate "2009.07.25"]
[EventType "swiss"]
[EventRounds "9"]
[EventCountry "GER"]
[SourceTitle "CBM 131 Extra"]
[Source "ChessBase"]
[SourceDate "2009.09.03"]
[SourceVersion "2"]
[SourceVersionDate "2009.09.16"]
[SourceQuality "1"]

1. e4 c5 2. Nf3 d6 3. d4 cxd4 4. Nxd4 Nf6 5. Nc3 a6 6. Bg5 e6 7. f4 Be7 8. Qf3 Qc7 9. 0-0-0 Nbd7 10. Bd3 h6 11. Bh4 b5 12. Rhe1 Bb7 13. Bf2 b4 14. Nce2 Nc5 15. Ng3 0-0 16. Kb1 Ne8 17. Qe2 Nxd3 18. cxd3 e5 19. Rc1 Qd7 20. Ndf5 exf4 21. Nxe7+ Qxe7 22. Nf5 Qe6 23. Bd4 Kh7 24. Qg4 g6 25. Qxf4 gxf5 26. exf5 Qd5 27. Be3 Bc8 28. Qxh6+ Kg8 29. Bg5 Bxf5 30. Rxe8 Be6 31. Qxf8+ 1-0

[Event "Dresden ZMD op"]
[Site "Dresden"]
[Date "2009.07.27"]
[Round "3"]
[White "Markowski, Tomasz"]
[Black "Hutschenreiter, Joerg"]
[Result "1-0"]
[WhiteElo "2627"]
[BlackElo "2127"]
[PlyCount "38"]
[EventDate "2009.07.25"]
[EventType "swiss"]
[EventRounds "9"]
[EventCountry "GER"]
[SourceTitle "CBM 131 Extra"]
[Source "ChessBase"]
[SourceDate "2009.09.03"]
[SourceVersion "2"]
[SourceVersionDate "2009.09.16"]
[SourceQuality "1"]

1. g3 d5 2. Nf3 Nf6 3. Bg2 Bf5 4. 0-0 c6 5. d3 h6 6. c4 e6 7. Qb3 Qc8 8. Nc3 Nbd7 9. Be3 Be7 10. Rac1 0-0 11. Rfe1 Qb8 12. cxd5 exd5 13. Bf4 Bd6 14. Bxd6 Qxd6 15. Nd4 Be6 16. Qxb7 c5 17. Nc6 Rfc8 18. e4 dxe4 19. dxe4 Kh8 1-0

[Event "Dresden ZMD op"]
[Site "Dresden"]
[Date "2009.07.26"]
[Round "2"]
[White "Gabriel, Wolfram"]
[Black "Hutschenreiter, Joerg"]
[Result "0-1"]
[WhiteElo "1743"]
[BlackElo "2127"]
[PlyCount "60"]
[EventDate "2009.07.25"]
[EventType "swiss"]
[EventRounds "9"]
[EventCountry "GER"]
[SourceTitle "CBM 131 Extra"]
[Source "ChessBase"]
[SourceDate "2009.09.03"]
[SourceVersion "2"]
[SourceVersionDate "2009.09.16"]
[SourceQuality "1"]

1. e4 c5 2. Nf3 d6 3. d4 cxd4 4. Nxd4 Nf6 5. Nc3 a6 6. Bc4 e6 7. 0-0 Be7 8. Bb3 Nc6 9. a3 0-0 10. f4 Qc7 11. Be3 Na5 12. Ba2 Nc4 13. Bc1 b5 14. Kh1 Bb7 15. Qd3 Rac8 16. Re1 Rfd8 17. b3 Ne5 18. fxe5 dxe5 19. Bb2 exd4 20. Nd1 Ng4 21. Qg3 Qxg3 22. hxg3 Rxc2 23. Bb1 Rd2 24. Kg1 Ne3 25. Nxe3 Rxb2 26. Nf1 d3 27. Ra2 d2 28. Rd1 Rxb1 29. Rdxd2 Rxd2 30. Rxd2 Bc5+ 0-1

[Event "Dresden ZMD op"]
[Site "Dresden"]
[Date "2008.07.23"]
[Round "5"]
[White "Tahirov, Farhad"]
[Black "Hutschenreiter, Joerg"]
[Result "1-0"]
[WhiteElo "2463"]
[BlackElo "2159"]
[PlyCount "59"]
[EventDate "2008.07.19"]
[EventType "swiss"]
[EventRounds "9"]
[EventCountry "GER"]
[SourceTitle "CBM 125 Extra"]
[Source "ChessBase"]
[SourceDate "2008.09.01"]
[SourceVersion "1"]
[SourceVersionDate "2008.09.01"]
[SourceQuality "1"]

1. Nf3 Nf6 2. e3 e6 3. b3 Be7 4. Bb2 c5 5. d4 cxd4 6. exd4 0-0 7. Bd3 b6 8. Qe2 Bb7 9. a3 d6 10. 0-0 Nbd7 11. Nbd2 Re8 12. Rfe1 Nf8 13. Bb5 N8d7 14. Bd3 Nf8 15. a4 Ng6 16. g3 Qc7 17. a5 Nd7 18. c4 d5 19. a6 Bc6 20. h4 dxc4 21. bxc4 Nf6 22. Ng5 Bb4 23. Red1 Rad8 24. Ndf3 h6 25. Ne4 Nxe4 26. Bxe4 Bxe4 27. Qxe4 Qxc4 28. h5 Nf8 29. Ne5 Rc8 30. Nxc4 1-0

[Event "Dresden ZMD op"]
[Site "Dresden"]
[Date "2007.07.22"]
[Round "2"]
[White "Hutschenreiter, Joerg"]
[Black "Hillenbrand, Michael"]
[Result "1/2-1/2"]
[WhiteElo "2001"]
[BlackElo "2200"]
[PlyCount "101"]
[EventDate "2007.07.21"]
[EventType "swiss"]
[EventRounds "9"]
[EventCountry "GER"]
[SourceTitle "EXT 2008"]
[Source "ChessBase"]
[SourceDate "2007.11.25"]
[SourceVersion "1"]
[SourceVersionDate "2007.11.25"]
[SourceQuality "1"]

1. d4 g6 2. c4 Bg7 3. Nc3 d6 4. e4 c6 5. Nf3 Bg4 6. Be2 Bxf3 7. Bxf3 Qb6 8. d5 Nd7 9. 0-0 Ngf6 10. Qc2 0-0 11. Be3 Qc7 12. Be2 a6 13. Rac1 Rfc8 14. Qd2 Qa5 15. b4 Qxb4 16. Rb1 Qa5 17. Rxb7 c5 18. f3 Rab8 19. Rfb1 Rxb7 20. Rxb7 Rb8 21. Rxb8+ Nxb8 22. Nb1 Qa4 23. Nc3 Qb4 24. Qc1 Ng4 25. Bd2 Bd4+ 26. Kf1 Ne3+ 27. Bxe3 Bxc3 28. Qc2 a5 29. Qb3 Qxb3 30. axb3 Na6 31. Bd1 Nb4 32. Ke2 Kg7 33. f4 h6 34. Bf2 g5 35. Be3 gxf4 36. Bxf4 Be5 37. Bxe5+ dxe5 38. Kd2 Na6 39. Bg4 Nc7 40. Bd7 Na8 41. Ke3 Nb6 42. Bb5 Kg6 43. Kf3 f5 44. exf5+ Kxf5 45. g4+ Kf6 46. h4 Nc8 47. Bd7 Nd6 48. Ke3 Nf7 49. Ke4 Nd6+ 50. Ke3 Kg6 51. Kf3 1/2-1/2

[Event "Dresden ZMD op"]
[Site "Dresden"]
[Date "2003.08.01"]
[Round "8"]
[White "Juergens, Klaus"]
[Black "Hutschenreiter, Joerg"]
[Result "1-0"]
[WhiteElo "2166"]
[BlackElo "1984"]
[PlyCount "57"]
[EventDate "2003.07.25"]
[EventType "swiss"]
[EventRounds "9"]
[EventCountry "GER"]
[SourceTitle "EXT 2004"]
[Source "ChessBase"]
[SourceDate "2003.11.25"]
[SourceVersion "1"]
[SourceVersionDate "2003.11.25"]
[SourceQuality "1"]

1. Nf3 Nf6 2. c4 e6 3. g3 d5 4. b3 b6 5. Bg2 Bb7 6. 0-0 Be7 7. Bb2 0-0 8. e3 c5 9. Nc3 Nc6 10. cxd5 Nxd5 11. Nxd5 exd5 12. d4 Ba6 13. Re1 Nb4 14. Ne5 Bb7 15. dxc5 bxc5 16. a3 Na6 17. Qd2 Qd6 18. Red1 Rfd8 19. Qe2 Qc7 20. Rac1 Bf6 21. Nd3 Bxb2 22. Qxb2 Qb6 23. Nf4 d4 24. Bxb7 Qxb7 25. exd4 cxd4 26. Rxd4 Rxd4 27. Qxd4 Nc7 28. Qd7 Re8 29. Qxc7 1-0